Géopolitique et Mondialisation : N°19 (notice n° 1511922)
[ vue normale ]
| 000 -LEADER | |
|---|---|
| fixed length control field | 00873cam a2200145 4500500 |
| 005 - DATE AND TIME OF LATEST TRANSACTION | |
| control field | 20251012000916.0 |
| 041 ## - LANGUAGE CODE | |
| Language code of text/sound track or separate title | fre |
| 042 ## - AUTHENTICATION CODE | |
| Authentication code | dc |
| 100 10 - MAIN ENTRY--PERSONAL NAME | |
| Personal name | Michaud, Yves |
| Relator term | author |
| 245 00 - TITLE STATEMENT | |
| Title | Géopolitique et Mondialisation : N°19 |
| 260 ## - PUBLICATION, DISTRIBUTION, ETC. | |
| Name of publisher, distributor, etc. | Odile Jacob,<br/> |
| Date of publication, distribution, etc. | 2002.<br/> |
| 520 ## - SUMMARY, ETC. | |
| Summary, etc. | À l’heure de la mondialisation, les meilleurs spécialistes francophones reviennent sur les grands événements qui ont marqué l’histoire et mettent en perspective les mutations en cours. L’Université de tous les savoirs : une approche contemporaine des différents domaines de la connaissance dans un esprit qui est à la fois celui du bilan encyclopédique et celui du questionnement d’avenir. |
| 700 10 - ADDED ENTRY--PERSONAL NAME | |
| Personal name | Université de tous les savoirs |
| Relator term | author |
| 856 41 - ELECTRONIC LOCATION AND ACCESS | |
| Uniform Resource Identifier | <a href="https://shs.cairn.info/geopolitique-et-mondialisation--9782738111807?lang=fr&redirect-ssocas=7080">https://shs.cairn.info/geopolitique-et-mondialisation--9782738111807?lang=fr&redirect-ssocas=7080</a> |
Pas d'exemplaire disponible.




Réseaux sociaux